000 01340nam a2200337Ia 4500
001 Z_1134
003 CHAP
008 220113s9999 xx 000 0 und d
010 _a164215
040 _cCHAP
082 _aC 581.973 M38
100 _aMcVaugh, Rogers, 1909-2009
_9138297
240 _aFlora novo-galiciana
245 _aFlora novo-galiciana : A descriptive account of the vascular plants of western mexico /
_cRogers Mcvaugh ; edición general William R. Anderson
260 _aEstados Unidos de América :
_bUniversity of Michigan Press,
_c
300 _avolúmenes
500 _aLa biblioteca cuenta con: v.5 Leguminosae -- v.12 Compositae. -- v.14 Gramineae. --
503 _aej.1 v.5: 153552 \ ej.2 v.5: fotocopias \ ej.3 v.5: E/C fotocopias (Reposición) \ ej.1 v.12: 153553 \ ej.2 v.12: fotocopias \ ej.3 v.12: fotocopias \ ej.1 v.14: 153554 \ ej.2 v.14: fotocopias
504 _aIncluye índice
650 _aBotánica
_x
_x Mexico
_x
_x Clasificacion
_x
_x Colecciones
_9138298
650 _aGramineas
_x
_x Botánica
_x
_x México
_9138299
650 _aLeguminosas
_x
_x México
_9138300
650 _aTracheophyta
_x
_x México
_9138301
700 _aAnderson, William R., ed.
_9138302
901 _aC 581.973 M38
902 _aM
910 _a
942 _c1
942 _cc1
999 _c164215
_d164215